| Поле | Название | Значение |
| |
Тип записи |
a |
| |
Библиографический уровень |
m |
| 001 |
Контрольный номер |
RU/УОНБ/EK_N/614888172 |
| 005 |
Дата корректировки |
20240131005119.7 |
| 013 |
Номер (ISMN) |
__ |
| d |
Цена |
3 р. 02 к. |
| 071 |
Издательские номер (звукозапись и ноты) |
21 |
| a |
Номер, присвоенный агентством |
7643 |
| 100 |
Данные общей обработки |
__ |
| a |
Данные общей обработки |
20190626d1980 u y0rusy0189||||ca |
| 101 |
Язык документа |
0_ |
| a |
Язык текста |
ger |
| f |
Язык титульного листа |
ger |
| 102 |
Страна публикации |
__ |
| a |
Страна публикации |
DE |
| 105 |
Кодированные данные (монография) |
__ |
| a |
Кодированные данные (монография) |
y###||||000|y |
| 125 |
Кодированные данные звукозаписи и нотных изданий |
__ |
| a |
Форма изложения нотного текста |
с| |
| 128 |
Кодированные данные (звукозаписи-физические характеристики) |
__ |
| a |
Кодированные данные: Музыкальная форма и тональность или лад |
zz |
| c |
Инструменты или голоса, рекомендуемые для солистов (устаревшее) |
ka|| |
| 200 |
Заглавие и сведения об ответственности |
1_ |
| a |
Заглавие |
Band 3 |
| f |
Первые сведения об ответственности |
Revidiert von A. Ruthardt |
| 215 |
Физическое описание |
__ |
| a |
Объем |
102 с. |
| 327 |
Примечание о содержании |
11 |
| a |
Примечание о содержании |
Содерж. : Phantasie : ор. 28. - Praeludien und Fugen : ор. 35. - Variations serieuses : ор. 54. - Andante con Variazioni : ор. 82. - Variationen : ор. 83. - Etuden : ор. 104. - Scherzo. - Etude. - Scherzo a Capriccio. |
| 461 |
Уровень набора |
_0 |
| 1 |
|
001RU/УОНБ/EK_N/614887401 |
| 1 |
|
200 |
| a |
|
Klavierwerke |
| b |
|
Ноты |
| d |
|
Произведения для фортепиано |
| f |
|
Mendelssohn |
| g |
|
hrsg T. Kullak |
| v |
|
Band 3 |
| 1 |
|
210 |
| a |
|
Leipzig |
| c |
|
Edition Peters |
| 1 |
|
225 |
| a |
|
Edition Peters |
| v |
|
Nr. 1704 с |
| 464 |
Аналитический уровень |
_0 |
| 1 |
|
2001 |
| a |
|
Phantasie |
| e |
|
ор. 28 |
| 464 |
Аналитический уровень |
_0 |
| 1 |
|
2001 |
| a |
|
Praeludien und Fugen |
| e |
|
ор. 35 |
| 464 |
Аналитический уровень |
_0 |
| 1 |
|
2001 |
| a |
|
Variations serieuses |
| e |
|
ор. 54 |
| 464 |
Аналитический уровень |
_0 |
| 1 |
|
2001 |
| a |
|
Andante con Variazioni |
| e |
|
ор. 82 |
| 464 |
Аналитический уровень |
_0 |
| 1 |
|
2001 |
| a |
|
Variationen |
| e |
|
ор. 83 |
| 464 |
Аналитический уровень |
_0 |
| 1 |
|
2001 |
| a |
|
Etuden |
| e |
|
ор. 104 |
| 464 |
Аналитический уровень |
_0 |
| 1 |
|
2001 |
| a |
|
Scherzo |
| 464 |
Аналитический уровень |
_0 |
| 1 |
|
2001 |
| a |
|
Etude |
| 464 |
Аналитический уровень |
_0 |
| 1 |
|
2001 |
| a |
|
Scherzo a Capriccio |
| 512 |
Заглавие обложки |
1_ |
| a |
Заглавие обложки |
Klavierwerke |
| 600 |
Персоналии |
_1 |
| a |
Персоналии (Фамилия) |
Mendelssohn Bartholdy, Felix |
| 606 |
Тематические рубрики |
0_ |
| a |
Основная рубрика |
Фортепианная музыка зарубежная |
| x |
Основная подрубрика |
Произведения |
| 610 |
Ключевые слова |
0_ |
| a |
Ключевые слова |
фортепиано |
| 610 |
Ключевые слова |
0_ |
| a |
Ключевые слова |
произведения |
| 610 |
Ключевые слова |
0_ |
| a |
Ключевые слова |
Mendelssohn Bartholdy F. |
| 686 |
Индексы других классификаций |
__ |
| a |
Классификационный индекс |
85.954.2(3)я44 |
| 2 |
Код системы |
rubbk |
| 702 |
Вторичная интеллектуальная ответственность |
_1 |
| a |
Фамилия |
Ruthardt |
| b |
Имя (инициалы) |
A. |
| 4 |
Код отношения |
340 |
| 801 |
Источник записи |
_0 |
| a |
Страна |
RU |
| b |
Организация |
Ульяновская ОНБ |
| c |
Дата составления |
20190626 |
| g |
Правила каталогизации |
RCR |
| 801 |
Источник записи |
_1 |
| a |
Страна |
RU |
| b |
Организация |
Ульяновская ОНБ |
| c |
Дата составления |
20190626 |
| g |
Правила каталогизации |
RCR |
| 901 |
Тип документа |
__ |
| t |
Тип документа |
n |
| w |
Контрольный № источника |
RU/УОНБ/EK_N/614887401 |
| 909 |
Создатель записи |
__ |
| a |
Создатель записи |
Лобина Л. И. |
| 938 |
Служебная информация |
__ |
| a |
Имя БД |
noti |
| b |
Имя библиотеки |
УОНБ |
| c |
Имя АИБС |
МАРК-SQL |
| d |
Номер DOC_ID в БД |
20781 |